<?xml version="1.0" encoding="UTF-8"?>
<record
    xmlns:xsi="http://www.w3.org/2001/XMLSchema-instance"
    xsi:schemaLocation="http://www.loc.gov/MARC21/slim http://www.loc.gov/standards/marcxml/schema/MARC21slim.xsd"
    xmlns="http://www.loc.gov/MARC21/slim">

  <leader>02295nam a22003137a 4500</leader>
  <datafield tag="952" ind1=" " ind2=" ">
    <subfield code="0">0</subfield>
    <subfield code="1">0</subfield>
    <subfield code="2">ddc</subfield>
    <subfield code="4">0</subfield>
    <subfield code="7">0</subfield>
    <subfield code="8">EPEF2</subfield>
    <subfield code="a">BABA</subfield>
    <subfield code="b">BABA</subfield>
    <subfield code="c">SALA2</subfield>
    <subfield code="d">2012-01-11</subfield>
    <subfield code="e">CP</subfield>
    <subfield code="i">35141445</subfield>
    <subfield code="o">370.15 S29 2010</subfield>
    <subfield code="p">BABA16120211</subfield>
    <subfield code="v">79.00</subfield>
    <subfield code="w">2016-12-12</subfield>
    <subfield code="y">BK</subfield>
    <subfield code="k">2016-12-12</subfield>
  </datafield>
  <datafield tag="999" ind1=" " ind2=" ">
    <subfield code="c">747</subfield>
    <subfield code="d">747</subfield>
  </datafield>
  <controlfield tag="001">UTEA</controlfield>
  <controlfield tag="005">20231226133610.0</controlfield>
  <controlfield tag="006">g||||gr||||||01 nz</controlfield>
  <controlfield tag="007">ta</controlfield>
  <controlfield tag="008">161212b        ar||||| |||| 00| 0 spa d</controlfield>
  <datafield tag="020" ind1=" " ind2=" ">
    <subfield code="a">9789875382800</subfield>
  </datafield>
  <datafield tag="040" ind1=" " ind2=" ">
    <subfield code="a">UTEA</subfield>
  </datafield>
  <datafield tag="041" ind1=" " ind2=" ">
    <subfield code="a">Es</subfield>
  </datafield>
  <datafield tag="044" ind1=" " ind2=" ">
    <subfield code="a">AR</subfield>
  </datafield>
  <datafield tag="082" ind1=" " ind2=" ">
    <subfield code="a">370.15</subfield>
    <subfield code="b">S29</subfield>
  </datafield>
  <datafield tag="100" ind1=" " ind2=" ">
    <subfield code="a">Sheuer Montserrat de la cruz, Nora</subfield>
    <subfield code="e">Autor</subfield>
  </datafield>
  <datafield tag="245" ind1=" " ind2=" ">
    <subfield code="a">Aprender a Dibujar y Escribir</subfield>
    <subfield code="b">Las Perspectivas de los Ni&#xF1;os, Sus Familiares y Maestros</subfield>
    <subfield code="c">Nora. Scheuer Montserrat de la cruz,</subfield>
    <subfield code="h">[Impreso]</subfield>
  </datafield>
  <datafield tag="250" ind1=" " ind2=" ">
    <subfield code="a">a edici&#xF3;n</subfield>
  </datafield>
  <datafield tag="260" ind1=" " ind2=" ">
    <subfield code="a">Buenos Aires - Argentina</subfield>
    <subfield code="b">NOVEDADES EDUCATIVAS S.A.de C.V-Mexico</subfield>
    <subfield code="c">2010</subfield>
  </datafield>
  <datafield tag="300" ind1=" " ind2=" ">
    <subfield code="a">271 p&#xE1;ginas.</subfield>
    <subfield code="b">Cuadros, Figuras, Tablas.</subfield>
    <subfield code="c">15.5 x 22.5 cm.</subfield>
  </datafield>
  <datafield tag="505" ind1=" " ind2=" ">
    <subfield code="a">Las concepciones de aprendizaje como desaf&#xED;o de la educaci&#xF3;n. -- Las concepciones de aprendizaje de los ni&#xF1;os como teor&#xED;as impl&#xED;citas. -- Dibujar y escribir desde la perspectiva de los investigadores. -- Concepciones de los ni&#xF1;os   sobre aprendizaje en el dibujo. -- Dibujar ayuda cuando se aprende a escribir las concepciones de los ni&#xF1;os. -- Las concepciones  de los ni&#xF1;os  sobre el aprendizaje de la escritura. -- Aprender a escribir en distintos entornos socioculturales. -- Las huayllas de g&#xE9;nero de concepciones  de aprendizaje de la escritura. -- Aprender a escribir desde las concepciones de las ni&#xF1;as  y las de las ense&#xF1;anzas. -- Relaciones entre  la familia y la escuela  para el aprendizaje de la escritura.   </subfield>
  </datafield>
  <datafield tag="520" ind1=" " ind2=" ">
    <subfield code="a">Este libro aborda el aprendizaje del dibujo y de la escritura desde la perspectiva de los propios ni&#xF1;os que aprenden . tambi&#xE9;n explora en forma complementaria, las perspectivas  que sus principales educadores expresan  acerca del aprendizaje  de la escritura partimos de la idea  que ela aprender  los ni&#xF1;os van ampliando su horizonte sus recursos  medida que el mundo f&#xED;sico  y social  en el  entorna m&#xE1;s f&#xE1;cil  manejable  se transforman sus modelos  de participaci&#xF3;n en el.</subfield>
  </datafield>
  <datafield tag="650" ind1=" " ind2="0">
    <subfield code="a">APRENDER A DIBUJAR</subfield>
    <subfield code="9">4384</subfield>
  </datafield>
  <datafield tag="650" ind1=" " ind2="0">
    <subfield code="a">APRENDER A ESCRIBIR </subfield>
    <subfield code="9">4385</subfield>
  </datafield>
  <datafield tag="650" ind1=" " ind2="0">
    <subfield code="a">LOS NI&#xD1;OS SOBRE EL APRENDIZAJE DEL DIBUJO </subfield>
    <subfield code="9">4386</subfield>
  </datafield>
  <datafield tag="653" ind1=" " ind2=" ">
    <subfield code="a">EDUCACI&#xD3;N</subfield>
    <subfield code="a">APRENDER</subfield>
    <subfield code="a">DIBUJAR</subfield>
    <subfield code="a">ESCRIBIR</subfield>
    <subfield code="a">MAESTROS</subfield>
  </datafield>
  <datafield tag="700" ind1=" " ind2=" ">
    <subfield code="a">Ignacio Pozo, Juan</subfield>
    <subfield code="e">Coautor</subfield>
    <subfield code="9">54680</subfield>
  </datafield>
  <datafield tag="942" ind1=" " ind2=" ">
    <subfield code="2">lcc</subfield>
    <subfield code="c">BK</subfield>
    <subfield code="z">Mariela Gonzales Franco</subfield>
    <subfield code="e">2023-12-26</subfield>
  </datafield>
</record>
